000 00514nam a2200181Ia 4500
005 20250923144343.0
008 008 250917s9999 xx 000 0 eng d
037 _aTextual
040 _aDSWL
_beng
_cDSWL
041 _aeng
_2eng
084 _aSM95xM60:12, J0
_qDSWL
100 _aJung, Carl G
_9824020
245 0 _aIntegration of the personality
_cby Carl G Jung
260 _aLondon
_c1950
300 _a313 p.
942 _cTEXL
_hSM95xM60:12, J0
999 _c1437824
_d1437824